Význam biogénnych prvkov pre človeka

Bibliographic Details
Main Authors: Melicherčík, Milan, 1948-2015 (Author), Melicherčíková, Danica, 1950- (Author)
Format: Book
Language:Slovak
PhysicalDescription:101 s. 21 cm
Published: Bratislava Metodické centrum v Bratislave 1997
ISBN:808879644X
Subjects:

MARC

LEADER 00000nam a2200000 a 4500
001 vtls001307992
003 SK-MaSNL
005 20260301200006.0
008 240314s1997 xo a r y slo
015 |a SNBA1998/02-00656 
020 |a 808879644X 
035 |a SNK000260286 
035 |a urn:nbn:sk:snk-amkgw8 
035 |a urn:nbn:sk:snk-am008g6v 
035 |a 163DDD47-45DF-4310-9712-61E1379ABDAB 
040 |a SNK  |b slo  |c SNK  |e AACR2 
041 0 |a slo 
044 |a xo  |c SK 
080 |a 546(035)  |2 1981 
100 1 |a Melicherčík, Milan,  |d 1948-2015  |4 aut  |9 222541 
245 1 0 |a Význam biogénnych prvkov pre človeka  |c Milan Melicherčík, Danica Melicherčíková 
260 |a Bratislava  |b Metodické centrum v Bratislave  |c 1997 
300 |a 101 s.  |c 21 cm 
500 |a 300 výt. 
504 |a Bibliogr. s. 87-98 
650 0 7 |a biogénne prvky  |2 SNK  |9 75342 
655 7 |a príručky  |2 SNK  |9 74364 
700 1 |a Melicherčíková, Danica,  |d 1950-  |4 aut  |9 10611 
919 |a 80-88796-44-X 
958 |a TL 
958 |a NB 
999 |c 888413  |d 890343 
952 |t P60, <09>, [BOOK], {629}  |a SNK  |b SNK  |y NEVYP  |7 0  |o snkC 2305  |i snk4587/971103  |0 0  |1 0  |4 0  |d 1997-10-30  |l 0  |r 2005-01-02 00:00:00  |w 2026-02-24 
952 |t P60, <03>, [BOOK], {603}  |a SNK  |b SNK  |y PREZ  |7 0  |p 17A0103602  |o snkSC 94373  |i snkKSP 11137/97  |0 0  |1 0  |4 0  |d 1997-10-30  |f 1  |l 0  |r 2025-09-12 00:00:00  |w 2026-02-24 
952 |t P60, <04>, [BOOK], {604}  |a SNK  |b SNK  |y VYP  |7 0  |p 17A0103601  |o snkSC 94373 D1  |i snkKSP 11138/97  |0 0  |1 0  |4 0  |d 1997-10-30  |l 0  |r 2005-01-02 00:00:00  |w 2026-02-24